Acidosis orchestrates adaptations of energy metabolism in tumors
Malignant tumors are characterized by diverse metabolic stresses, including nutrient shortages, hypoxia, and buildup of metabolic by-products. To understand how cancer cells adapt to such challenges, we conducted sequential CRISPR screens to identify genes that affect cellular fitness under specific...
Gespeichert in:
| Hauptverfasser: | , , , , , , , , |
|---|---|
| Dokumenttyp: | Article (Journal) |
| Sprache: | Englisch |
| Veröffentlicht: |
9 October 2025
|
| In: |
Science
Year: 2025, Jahrgang: 390, Heft: 6769, Pages: 1-9 |
| ISSN: | 1095-9203 |
| DOI: | 10.1126/science.adp7603 |
| Online-Zugang: | Verlag, lizenzpflichtig, Volltext: https://doi.org/10.1126/science.adp7603 Verlag, lizenzpflichtig, Volltext: https://www.science.org/doi/10.1126/science.adp7603 |
| Verfasserangaben: | Sven Groessl, Robert Kalis, Marteinn T. Snaebjornsson, Leon Wambach, Jakob Haider, Florian Andersch, Almut Schulze, Wilhelm Palm, Johannes Zuber |
MARC
| LEADER | 00000naa a2200000 c 4500 | ||
|---|---|---|---|
| 001 | 1968248749 | ||
| 003 | DE-627 | ||
| 005 | 20260409112320.0 | ||
| 007 | cr uuu---uuuuu | ||
| 008 | 260409s2025 xx |||||o 00| ||eng c | ||
| 024 | 7 | |a 10.1126/science.adp7603 |2 doi | |
| 035 | |a (DE-627)1968248749 | ||
| 035 | |a (DE-599)KXP1968248749 | ||
| 040 | |a DE-627 |b ger |c DE-627 |e rda | ||
| 041 | |a eng | ||
| 084 | |a 33 |2 sdnb | ||
| 100 | 1 | |a Größl, Sven |d 1997- |e VerfasserIn |0 (DE-588)1294129066 |0 (DE-627)1851094482 |4 aut | |
| 245 | 1 | 0 | |a Acidosis orchestrates adaptations of energy metabolism in tumors |c Sven Groessl, Robert Kalis, Marteinn T. Snaebjornsson, Leon Wambach, Jakob Haider, Florian Andersch, Almut Schulze, Wilhelm Palm, Johannes Zuber |
| 264 | 1 | |c 9 October 2025 | |
| 300 | |b Illustrationen | ||
| 300 | |a 9 | ||
| 336 | |a Text |b txt |2 rdacontent | ||
| 337 | |a Computermedien |b c |2 rdamedia | ||
| 338 | |a Online-Ressource |b cr |2 rdacarrier | ||
| 500 | |a Gesehen am 09.04.2026 | ||
| 520 | |a Malignant tumors are characterized by diverse metabolic stresses, including nutrient shortages, hypoxia, and buildup of metabolic by-products. To understand how cancer cells adapt to such challenges, we conducted sequential CRISPR screens to identify genes that affect cellular fitness under specific metabolic stress conditions in cell culture and to then probe their relevance in pancreatic tumors. Comparative analyses of hundreds of fitness genes revealed that cancer metabolism in vivo was shaped by bioenergetic adaptations to tumor acidosis. Mechanistically, acidosis suppressed cytoplasmic activity of extracellular signal-regulated kinase (ERK), thereby preventing oncogene-induced mitochondrial fragmentation and promoting fused mitochondria. The resulting boost in mitochondrial respiration supported cancer cell adaptations to various metabolic stresses. Thus, acidosis is an environmental factor that alters energy metabolism to promote stress resilience in cancer. | ||
| 700 | 1 | |a Kalis, Robert |e VerfasserIn |4 aut | |
| 700 | 1 | |a Snæbjörnsson, Marteinn |e VerfasserIn |0 (DE-588)1240787219 |0 (DE-627)176969627X |4 aut | |
| 700 | 1 | |a Wambach, Leon |e VerfasserIn |4 aut | |
| 700 | 1 | |a Haider, Jakob |e VerfasserIn |4 aut | |
| 700 | 1 | |a Andersch, Florian |e VerfasserIn |4 aut | |
| 700 | 1 | |a Schulze, Almut |e VerfasserIn |0 (DE-588)1199324086 |0 (DE-627)1681627469 |4 aut | |
| 700 | 1 | |a Palm, Wilhelm |e VerfasserIn |0 (DE-588)127850415X |0 (DE-627)1831421283 |4 aut | |
| 700 | 1 | |a Zuber, Johannes |e VerfasserIn |4 aut | |
| 773 | 0 | 8 | |i Enthalten in |t Science |d Washington, DC : American Association for the Advancement of Science, 1880 |g 390(2025), 6769 vom: Okt., Artikel-ID eadp7603, Seite 1-9 |h Online-Ressource |w (DE-627)341342882 |w (DE-600)2066996-3 |w (DE-576)099426773 |x 1095-9203 |7 nnas |a Acidosis orchestrates adaptations of energy metabolism in tumors |
| 773 | 1 | 8 | |g volume:390 |g year:2025 |g number:6769 |g month:10 |g elocationid:eadp7603 |g pages:1-9 |g extent:9 |a Acidosis orchestrates adaptations of energy metabolism in tumors |
| 856 | 4 | 0 | |u https://doi.org/10.1126/science.adp7603 |x Verlag |x Resolving-System |z lizenzpflichtig |3 Volltext |7 1 |
| 856 | 4 | 0 | |u https://www.science.org/doi/10.1126/science.adp7603 |x Verlag |z lizenzpflichtig |3 Volltext |7 1 |
| 951 | |a AR | ||
| 992 | |a 20260409 | ||
| 993 | |a Article | ||
| 994 | |a 2025 | ||
| 998 | |g 127850415X |a Palm, Wilhelm |m 127850415X:Palm, Wilhelm |d 50000 |e 50000PP127850415X |k 0/50000/ |p 8 | ||
| 998 | |g 1199324086 |a Schulze, Almut |m 1199324086:Schulze, Almut |d 910000 |d 950000 |d 950950 |e 910000PS1199324086 |e 950000PS1199324086 |e 950950PS1199324086 |k 0/910000/ |k 1/910000/950000/ |k 2/910000/950000/950950/ |p 7 | ||
| 998 | |g 1294129066 |a Größl, Sven |m 1294129066:Größl, Sven |d 140000 |e 140000PG1294129066 |k 0/140000/ |p 1 |x j | ||
| 999 | |a KXP-PPN1968248749 |e 494926320X | ||
| BIB | |a Y | ||
| SER | |a journal | ||
| JSO | |a {"type":{"media":"Online-Ressource","bibl":"article-journal"},"id":{"eki":["1968248749"],"doi":["10.1126/science.adp7603"]},"relHost":[{"pubHistory":["1.1880 - 3.1882; 1.1883 - 23.1894; N.S. 1.1895 -"],"recId":"341342882","id":{"eki":["341342882"],"zdb":["2066996-3"],"issn":["1095-9203"]},"disp":"Acidosis orchestrates adaptations of energy metabolism in tumorsScience","type":{"media":"Online-Ressource","bibl":"periodical"},"corporate":[{"display":"American Association for the Advancement of Science","role":"isb"}],"part":{"volume":"390","extent":"9","pages":"1-9","year":"2025","text":"390(2025), 6769 vom: Okt., Artikel-ID eadp7603, Seite 1-9","issue":"6769"},"name":{"displayForm":["AAAS"]},"titleAlt":[{"title":"Science / Magazine"},{"title":"Science classic"},{"title":"Science classic archiv 1880 - 1996"},{"title":"Science magazine"}],"physDesc":[{"extent":"Online-Ressource"}],"origin":[{"dateIssuedDisp":"1880-","publisherPlace":"Washington, DC","dateIssuedKey":"1880","publisher":"American Association for the Advancement of Science"}],"note":["Gesehen am 14.07.2023"],"language":["eng"],"title":[{"title_sort":"Science","title":"Science"}]}],"recId":"1968248749","language":["eng"],"person":[{"role":"aut","given":"Sven","display":"Größl, Sven","family":"Größl"},{"display":"Kalis, Robert","family":"Kalis","given":"Robert","role":"aut"},{"family":"Snæbjörnsson","display":"Snæbjörnsson, Marteinn","role":"aut","given":"Marteinn"},{"family":"Wambach","display":"Wambach, Leon","role":"aut","given":"Leon"},{"role":"aut","given":"Jakob","display":"Haider, Jakob","family":"Haider"},{"family":"Andersch","display":"Andersch, Florian","role":"aut","given":"Florian"},{"family":"Schulze","display":"Schulze, Almut","role":"aut","given":"Almut"},{"family":"Palm","display":"Palm, Wilhelm","given":"Wilhelm","role":"aut"},{"given":"Johannes","role":"aut","family":"Zuber","display":"Zuber, Johannes"}],"title":[{"title":"Acidosis orchestrates adaptations of energy metabolism in tumors","title_sort":"Acidosis orchestrates adaptations of energy metabolism in tumors"}],"origin":[{"dateIssuedDisp":"9 October 2025","dateIssuedKey":"2025"}],"physDesc":[{"extent":"9 S.","noteIll":"Illustrationen"}],"note":["Gesehen am 09.04.2026"],"name":{"displayForm":["Sven Groessl, Robert Kalis, Marteinn T. Snaebjornsson, Leon Wambach, Jakob Haider, Florian Andersch, Almut Schulze, Wilhelm Palm, Johannes Zuber"]}} | ||
| SRT | |a GROESSLSVEACIDOSISOR9202 | ||